000 00866nam a22003257a 4500
001 BR0403344
003 BR-BrBNA
005 20230928101653.0
007 ta
008 230509b bl.||||| |||| 00| 0 por d
040 _aBR-BrBNA
_bpor
_cBiblioteca Nacional de Agricultura
041 _a(Por)
072 _aF01
_b0130
090 _ 0130 BR0403344
100 1 _aDenucci, S.
100 1 _aPortas, A.A.
100 1 _aBonatti, J.L.
110 1 _aCoordenadoria de Assistência Técnica Integral, Campinas, SP (Brasil)
245 1 _aPainço Português ou Moha; Setaria italica
260 3 _aCampinas, SP (Brasil):
_cnd.
300 _avp
650 _aPAINÇO
650 _aGRÃO
650 _aPLANTIO
650 _aNUTRIÇÃO ANIMAL
650 _aCOBERTURA DO SOLO
650 _aBROMATOLOGIA
909 _a202309
_bLucia
_c55
_dLucia Elande
942 _cBK
999 _c66983
_d66983